00528nam a2200169Ia 4500003000900000008004100009020001800050040001600068080001500084100002100099245011900120260003800239300001600277650001900293650002200312700002400334IN-BaIIA211028s9999 xx 000 0 eng d a0-471-56343-9 cIIA Library a654.9bMAG aMagrab, Edward B 4aThe measurement of time-varying phenomenabfundamentals and applicationscEdward B. Magrab and Donald S. Blomquist aNew YorkbJohn Wiley & Sonsc1971 axiii, 347p. aNASA thesaurus aSignal processing aDonald S. Blomquist